| 000 | 00556nam a2200193 a 4500 | ||
|---|---|---|---|
| 001 | 6764 | ||
| 003 | CO-ViMGA | ||
| 008 | 141112s2004 ck r 000 u spa d | ||
| 040 |
_aCO-ViMGA _bspa _cCO-ViMGA |
||
| 082 | 0 | 4 | _a343.071 C113s |
| 100 | 1 |
_aCabello de los Cobos y Manchg, Luis María _95686 |
|
| 245 | 1 | 0 | _aLa seguridad del consumidor en la adquisición de inmuebles |
| 250 | _a2da | ||
| 260 |
_aMadrid : _bCivitas, _c1993 |
||
| 300 | _a566 p | ||
| 650 | 1 | 4 |
_aBIENES RAICES _95687 |
| 650 | 1 | 4 |
_aCONSUMIDORES - PROTECCION LEGAL _95688 |
| 942 |
_2ddc _cBK |
||
| 999 |
_c18733 _d18733 |
||